Anglicanism Quiz - Statistics

General Stats
  • This quiz has been taken 357 times
  • The average score is 8 of 12
Answer Stats
Hint Answer % Correct
The man that more-or-less started it all by breaking from Rome Henry VIII
97%
...and her reversions were undone by her half-sister, this monarch, in the mid-16th century Elizabeth I
96%
The reason the above broke from Rome Divorce
93%
...but were undone, briefly, by his half-sister, this monarch... Mary I
91%
Reforms were continued under the above's son, this monarch... Edward VI
80%
This cleric is regarded as being "head" of the Anglican Church worldwide (give the office, not the name of the person) Archbishop of Canterbury
76%
The current Supreme Governor of the Church of England (not of all Anglican Churches) Charles III
47%
Anglicanism is often seen as this type of "way" between Protestantism and Catholicism Middle
44%
And this building is regarded as the spiritual base of the Anglican Church worldwide Canterbury Cathedral
40%
Anglicans are better known as this term in the United States Episcopalians
36%
This book is seen as one of the unifying linchpins of the Anglican Communion The Book of Common Prayer
32%
This cleric oversaw the creation of the above-book, but was burned at the stake for his troubles in 1556 Thomas Cranmer
20%
No matching quizzes found
Score Distribution
Percent of People with Each Score
Percentile by Number Answered
Your Score History
You have not taken this quiz